INFORMATION SYSTEMS MANAGEMENT IN BUSINESS AND DEVELOPMENT ORGANIZATIONS TEXT AND CASES (Record no. 217031)

MARC details
000 -LEADER
fixed length control field 00645nam a22001817a 4500
008 - FIXED-LENGTH DATA ELEMENTS--GENERAL INFORMATION
fixed length control field 260421b |||||||| |||| 00| 0 eng d
020 ## - INTERNATIONAL STANDARD BOOK NUMBER
International Standard Book Number 978-81-203-4796-0
050 ## - LIBRARY OF CONGRESS CALL NUMBER
Classification number HD 30.213 .M57 2025
100 ## - MAIN ENTRY--PERSONAL NAME
Personal name MISRA, HAREKRISHNA
245 ## - TITLE STATEMENT
Title INFORMATION SYSTEMS MANAGEMENT IN BUSINESS AND DEVELOPMENT ORGANIZATIONS TEXT AND CASES
250 ## - EDITION STATEMENT
Edition statement EASTERN ECONOMY EDITION
260 ## - PUBLICATION, DISTRIBUTION, ETC.
Place of publication, distribution, etc. DELHI
Name of publisher, distributor, etc. PHI LEARNING PRIVATE LIMITED
Date of publication, distribution, etc. 2025
300 ## - PHYSICAL DESCRIPTION
Extent xii,396p.ill
500 ## - GENERAL NOTE
General note INCLUDES BIBLIOGRAPHICAL REFERENCES AND INDEX
650 ## - SUBJECT ADDED ENTRY
Topical term or geographic name entry element MANAGEMENT INFORMATION SYSTEMS 2. INFORMATION TECHNOLOGY MANAGEMENT
942 ## - ADDED ENTRY ELEMENTS (KOHA)
Source of classification or shelving scheme Library of Congress Classification
Koha item type Long Loan Book
Holdings
Withdrawn status Lost status Source of classification or shelving scheme Damaged status Not for loan Collection Home library Current library Shelving location Date acquired Inventory number Total checkouts Full call number Barcode Date last seen Copy number Price effective from Koha item type
    Library of Congress Classification     Business & Economics Kisii University Library Kisii University Library On Display 04/21/2026 113107   HD 30.213 .M57 2025 A001705 04/21/2026 1 04/21/2026 Long Loan Book
    Library of Congress Classification     Business & Economics Kisii University Library Kisii University Library On Display 04/21/2026 113108   HD 30.213 .M57 2025 A001706 04/21/2026 2 04/21/2026 Long Loan Book
    Library of Congress Classification     Business & Economics Kisii University Library Kisii University Library On Display 04/21/2026 113109   HD 30.213 .M57 2025 A001708 04/21/2026 3 04/21/2026 Long Loan Book
    Library of Congress Classification     Business & Economics Kisii University Library Kisii University Library On Display 04/21/2026 113110   HD 30.213 .M57 2025 A001707 04/21/2026 4 04/21/2026 Long Loan Book